000 00579nam a2200241Ia 4500
005 20260320201142.0
008 008 262003s9999 xx 000 0 eng d
037 _aEBOOK
040 _aCRL
040 _beng
040 _cCRL
041 _2eng
041 _aeng
084 _qCRL
100 _aMamishev
_91134351
245 0 _aTechnical Writing for Teams: The STREAM Tools Handbook
260 _bIEEE
260 _c2010
856 _uhttps://ieeexplore.ieee.org/servlet/opac?bknumber=5769544
942 _cEBOOK
999 _c1719241
_d1719241